Missing Word: Friends in Movies Quiz Stats

 Plays Quiz Updated Aug 21, 2012

Challenge
Share
Tweet
Embed
Score 0/20 Timer 02:00
1 Play Today
Movie Title Missing Word % Correct
The ____ Nine YardsWhole
93.3%
Ace ____: Pet DetectiveVentura
90.6%
Bruce ____Almighty
85.9%
Bedtime ____Stories
82.2%
Six Days ____ NightsSeven
82.2%
Charlie's Angels: Full ____Throttle
81.3%
The Longest ____Yard
79.2%
Picture ____Perfect
78.6%
____ Rush InFools
72.5%
Office ____Space
68.5%
Movie Title Missing Word % Correct
____ in SpaceLost
66.9%
The Object of My ____Affection
63.1%
____ and Michele's High School ReunionRomy
54.3%
The ____ HunterBounty
37.1%
____ to TangoThree
33.8%
Serving ____Sara
22.2%
____ StarRock
17.3%
The ____ of SexOpposite
13.7%
Lucky ____Numbers
8.1%
____ NothingBig
3.6%

Today's Daily Dose

You're not logged in!

Compare scores with friends on all Sporcle quizzes.
Join for Free
OR
Log In

You Might Also Like...

Show Comments

Extras

Top Quizzes Today


Score Distribution

Your Account Isn't Verified!

In order to create a playlist on Sporcle, you need to verify the email address you used during registration. Go to your Sporcle Settings to finish the process.

Report this User

Report this user for behavior that violates our Community Guidelines.

Details: